000 00275nam a22000977a 4500
008 240921b |||||||| |||| 00| 0 eng d
020 _a9789359588933
100 _aOswaal Books
245 _aCTET Solved Papers (Mathematics & Science) Classes 6to 8)
260 _aNew Delhi
_bOswaal
999 _c12693
_d12693